| 000 | 00465 a2200157 4500 | ||
|---|---|---|---|
| 020 | _a 0470844175 | ||
| 040 |
_aDLC _bDLC |
||
| 082 | _a621.382 | ||
| 100 | _aLiu, Kevin H. | ||
| 245 |
_a IP over WDM _cKevin H.Liu |
||
| 260 |
_aNew York : _bJ. Wiley, _c2002. |
||
| 300 |
_axxiii, 389 p. : _bill. ; _c25 cm. |
||
| 500 | _aIncludes Index | ||
| 650 | _a1.Wavelength division multiplexing.2.TCP/IP (Computer network protocol).3.Fiber optics. | ||
| 942 |
_cBK _k621.382 LIU _2ddc |
||
| 999 |
_c4730 _d4730 |
||